000
00296nam a22001337a 4500
008
180316b xxu||||| |||| 00| 0 eng d
020
_a
9790132343601
041
_a
eng
080
_a
78
100
_a
45
101
_a
mus
245
_a
music for sight singing
_c
ottman.r.w
942
_2
udc
_c
BK
999
_c
45276
_d
45276